Consumer Survey to Understand Potential Market and Consumer Behaviour (Record no. 69143)

MARC details
000 -LEADER
fixed length control field 00403nam a2200145Ia 4500
008 - FIXED-LENGTH DATA ELEMENTS--GENERAL INFORMATION
fixed length control field 221007s9999 xx 000 0 und d
041 ## - LANGUAGE CODE
Language code of text/sound track or separate title eng
082 ## - DEWEY DECIMAL CLASSIFICATION NUMBER
Item number KUM
100 ## - MAIN ENTRY--PERSONAL NAME
Personal name Kumthekar M D (2K51032)
9 (RLIN) 101987
245 ## - TITLE STATEMENT
Title Consumer Survey to Understand Potential Market and Consumer Behaviour
260 ## - PUBLICATION, DISTRIBUTION, ETC. (IMPRINT)
Date of publication, distribution, etc. 2007
Name of publisher, distributor, etc. Pune University
Place of publication, distribution, etc. Pune
300 ## - PHYSICAL DESCRIPTION
Extent 55p
520 ## - SUMMARY, ETC.
Summary, etc. Dr. Surya Ramdas
906 ## - LOCAL DATA ELEMENT F, LDF (RLIN)
b General
Holdings
Withdrawn status Lost status Damaged status Not for loan Home library Current library Date acquired Vendor Total Checkouts Full call number Barcode Date last seen Bill Date Koha item type Original Barcode
        Smt. Hiraben Nanavati Institute of Management & Research for Women Smt. Hiraben Nanavati Institute of Management & Research for Women 05/10/2007 HNIMR   KUM HIMR-PR-133 07/10/2022 05/10/2007 Project Reports PR0133